Count to 15 in 15 Seconds - Statistics

General Stats
  • This quiz has been taken 30 times
  • The average score is 9 of 15
Answer Stats
Hint Answer % Correct
One One
100%
Three Three
90%
Two Two
90%
Five Five
80%
Four Four
80%
Seven Seven
80%
Six Six
80%
Eight Eight
70%
Nine Nine
70%
Ten Ten
60%
Eleven Eleven
50%
Fifteen Fifteen
10%
Twelve Twelve
10%
Fourteen Fourteen
0%
Thirteen Thirteen
0%
No matching quizzes found
Score Distribution
Percent of People with Each Score
Percentile by Number Answered
Your Score History
You have not taken this quiz